| 000 | 00980 a2200229 4500 | ||
|---|---|---|---|
| 999 |
_c7289 _d7289 |
||
| 020 | _a9781859418451 (pbk.) | ||
| 020 | _a1859418457 (pbk.) | ||
| 050 | 0 | 0 | _aKD 833 DIX 2005 |
| 100 | 1 |
_aDixon, Martin _eauthor |
|
| 245 | 1 | 0 |
_aModern land law / _cMartin Dixon. |
| 250 | _a5th ed. | ||
| 264 |
_aSydney : _bCavendish _c2005 |
||
| 300 | _axxxvii, 456 p. ; | ||
| 500 | _aIncludes bibliographical references (p. [431]-433) and index.. | ||
| 504 | _aIncludes bibliographical references (p. [431]-433) and index. | ||
| 650 | 0 |
_aLand tenure _xLaw and legislation |
|
| 856 | 4 | 2 |
_3Contributor biographical information _uhttp://www.loc.gov/catdir/enhancements/fy0622/2006280346-b.html |
| 856 | 4 | 2 |
_3Publisher description _uhttp://www.loc.gov/catdir/enhancements/fy0622/2006280346-d.html |
| 856 | 4 | 1 |
_3Table of contents only _uhttp://www.loc.gov/catdir/enhancements/fy0622/2006280346-t.html |
| 942 |
_2lcc _cBK _h833 _iDIX _kKD |
||